Harry Potter True/False Quiz Stats

 Plays Quiz not verified by Sporcle

Support Sporcle.
Go Orange.
Score 0/10 Timer 01:00
0 Plays Today
Fact? true or false % Correct
Hermione's parents are dentists-t or f???
76.3%
Neville's toad is named Trevor-t or f???
72.4%
Harry met Fred and George in the Great Hall-t or f???
69.9%
Dobby's first article of clothing was a sock-t or f???
68.5%
Nymphadora Tonks is Draco's aunt-t or f???
66.7%
Molly killed Bellatrix- t or f???
60.6%
Dobby and Kreacher both die- t or f???
57.7%
Dumbeldore had 1 sibling- t or f???
57.3%
George dies- t or f???
54.8%
Harry was the last Horcrux destroyed- t or f???
50.5%

You're not logged in!

Compare scores with friends on all Sporcle quizzes.
OR
Log In

From the Vault

Movies of 1989

by grapefruitking

Ah 1989, when postage stamps were a quarter, a gallon of gas was 97 cents, and Rick Moranis was a bonafide star!
Remove Ads.
Support Sporcle.
Get the best of Sporcle when you Go Orange. This ad-free experience offers more features, more stats, and more fun while also helping to support Sporcle. Thank you for becoming a member.

Show Comments

Extras

Top Quizzes Today


Score Distribution

Your Account Isn't Verified!

In order to create a playlist on Sporcle, you need to verify the email address you used during registration. Go to your Sporcle Settings to finish the process.

Report this User

Report this user for behavior that violates our Community Guidelines.

Details: